| 000 | 00870nam a2200205Ia 4500 | ||
|---|---|---|---|
| 999 |
_c40236 _d40236 |
||
| 001 | 6844 | ||
| 003 | GE_BSU | ||
| 005 | 20200210111146.0 | ||
| 008 | 181216s1982||||ge |||||||||||||| ||g || | ||
| 040 | _cGE_BSU | ||
| 041 | _ageo | ||
| 080 | _a82-93:821.353.1-32 გ-59 | ||
| 100 |
_aგოგებაშვილი, იაკობ. _96919 |
||
| 245 |
_aსაგანძური : _bკრებული / _cიაკობ გოგებაშვილი ; შეადგინა ვალერიან რამიშვილმა ; რედ. ოთარ ქინქლაძე. |
||
| 264 |
_aთბილისი : _bგანათლება, _c1982. |
||
| 300 |
_a446 გვ. ; _c22 სმ. |
||
| 653 | _aსაგანძური | ||
| 700 |
_aქინქლაძე, ოთარ _eრედაქტორი _94250 |
||
| 942 |
_cBK _2udc |
||